<?xml version="1.0" encoding="UTF-8"?>
<record
    xmlns:xsi="http://www.w3.org/2001/XMLSchema-instance"
    xsi:schemaLocation="http://www.loc.gov/MARC21/slim http://www.loc.gov/standards/marcxml/schema/MARC21slim.xsd"
    xmlns="http://www.loc.gov/MARC21/slim">

  <leader>01908nam a22002537a 4500</leader>
  <datafield tag="999" ind1=" " ind2=" ">
    <subfield code="c">22115</subfield>
    <subfield code="d">22115</subfield>
  </datafield>
  <controlfield tag="003">AR-CdUCM</controlfield>
  <controlfield tag="008">190429b           ||||| |||| 00| 0 spa d</controlfield>
  <datafield tag="040" ind1=" " ind2=" ">
    <subfield code="a">MUNICIPALIDAD PROVINCIAL DEL CUSCO</subfield>
    <subfield code="c">BIBLIOTECA MUNICIPAL DEL CUSCO</subfield>
  </datafield>
  <datafield tag="082" ind1=" " ind2=" ">
    <subfield code="a">Cuzco/N&#xB0;3/1941</subfield>
  </datafield>
  <datafield tag="245" ind1=" " ind2=" ">
    <subfield code="a">Revista Cuzco :</subfield>
    <subfield code="b">publicaci&#xF3;n mensual /</subfield>
    <subfield code="c">&#xC1;ngel G. Appiani S. director y fundador</subfield>
  </datafield>
  <datafield tag="260" ind1=" " ind2=" ">
    <subfield code="a">Cuzco :</subfield>
    <subfield code="b">H.G. Rozas,</subfield>
    <subfield code="c">1941.</subfield>
  </datafield>
  <datafield tag="300" ind1=" " ind2=" ">
    <subfield code="a">40 p&#xE1;ginas. :</subfield>
    <subfield code="b">ilustraciones ;</subfield>
    <subfield code="c">34 cm.</subfield>
  </datafield>
  <datafield tag="440" ind1=" " ind2=" ">
    <subfield code="a">Cuzco revista mensual.</subfield>
    <subfield code="n">A&#xF1;o I, N&#xB0;3, agosto, setiembre, octubre 1941.</subfield>
    <subfield code="9">47470</subfield>
  </datafield>
  <datafield tag="505" ind1=" " ind2=" ">
    <subfield code="a">Contenido: Homenaje a los caidos en defensa de la patria. -- Concurso Cuzco y Patria. -- CXX Aniversario patrio. Rom&#xE1;n Saavedra. -- Henri Barbusse. -- Tres escritores peruanos. Jos&#xE9; Carmen Mendoza. -- El folklore nacional. -- Infantes de conducta incorrecta. -- Vi&#xF1;etas kechuas. -- Cusque&#xF1;os en la contienda con el Ecuador. -- Algunos poetas cuzque&#xF1;os. Antenor Samaniego. -- Ni&#xF1;os del Kollao. Jos&#xE9; Portugal Catacora. -- La epidemia paludica de la Convenci&#xF3;n y Lares, podr&#xE1; desaparecer definitivamente de aquellas regiones. -- Interpretaci&#xF3;n de algunos elementos est&#xE9;ticos. Abraham Vizcarra Rozas. -- Provincias del Cuzco. Quispicanchi. -- Willca Llaccta. -- El valor de la meteorolog&#xED;a en la agricultura. Luis Olazo. -- Panamericanismo. Peter Brouse. -- Recordando a Edmundo Guevara Velazco. -- Garcilaso y su conmemoraci&#xF3;n. -- Las fiestas de la primavera en el Cuzco. -- Las reinas del Per&#xFA; de los Incas seg&#xFA;n Guam&#xE1;n Poma de Ayala. -- Mar&#xED;a Angola la campana s&#xED;mbolo. Juvenal Jara. -- Periodismo local.</subfield>
  </datafield>
  <datafield tag="650" ind1=" " ind2=" ">
    <subfield code="a">Historia del Cusco</subfield>
    <subfield code="9">1714</subfield>
  </datafield>
  <datafield tag="650" ind1=" " ind2=" ">
    <subfield code="a">Literatura cusque&#xF1;a</subfield>
    <subfield code="9">47467</subfield>
  </datafield>
  <datafield tag="650" ind1=" " ind2=" ">
    <subfield code="a">Poes&#xED;a cusque&#xF1;a</subfield>
    <subfield code="9">2323</subfield>
  </datafield>
  <datafield tag="650" ind1=" " ind2=" ">
    <subfield code="a">Siglo XX</subfield>
    <subfield code="9">47468</subfield>
  </datafield>
  <datafield tag="700" ind1=" " ind2=" ">
    <subfield code="a">Mendoza, Jos&#xE9; Carmen</subfield>
    <subfield code="9">47471</subfield>
  </datafield>
  <datafield tag="700" ind1=" " ind2=" ">
    <subfield code="a">Saavedra, Rom&#xE1;n</subfield>
    <subfield code="9">47472</subfield>
  </datafield>
  <datafield tag="700" ind1=" " ind2=" ">
    <subfield code="a">Guevara Velazco, Edmundo</subfield>
    <subfield code="9">47473</subfield>
  </datafield>
  <datafield tag="942" ind1=" " ind2=" ">
    <subfield code="2">ddc</subfield>
    <subfield code="c">PP</subfield>
  </datafield>
  <datafield tag="945" ind1=" " ind2=" ">
    <subfield code="a">rac</subfield>
  </datafield>
  <datafield tag="952" ind1=" " ind2=" ">
    <subfield code="0">0</subfield>
    <subfield code="2">ddc</subfield>
    <subfield code="4">0</subfield>
    <subfield code="7">0</subfield>
    <subfield code="a">HEM</subfield>
    <subfield code="b">HEM</subfield>
    <subfield code="c">CART</subfield>
    <subfield code="d">2022-03-07</subfield>
    <subfield code="g">10.00</subfield>
    <subfield code="o">Cuzco/N&#xB0;3/1941</subfield>
    <subfield code="p">REVC000853</subfield>
    <subfield code="r">2022-03-07</subfield>
    <subfield code="y">PP</subfield>
  </datafield>
</record>
